000 00831nam a2200277Ia 4500
003 OSt
005 20220918170709.0
006 a|||||r|||| 00| 0
007 ta
008 220917b |||||||| |||| 00| 0 eng d
020 _a9780415595667 (pbk)
_c2874.01
024 _a288,570
037 _b13195, 15/12/2015, Uppal Book Store
_cTextual
040 _aARTS
_cARTS
_beng
041 _2eng
_aeng
082 _aS:86, Q5
100 _aPage Steve
_930424
245 0 _aSupervising the counsellor and psychotherapist
_b A cyclical model
250 _a3rd
260 _aLondon
_bRoutledge UK
_c2015
300 _axii, 291p.
_ccm.
650 _aPSYCHOLOGY
700 _a Wosket Val
_930425
942 _hS:86, Q5
_cTEXL
_2CC
999 _c135195
_d135195